00506nam a22001577a 4500003001100000005001700011008004100028020001800069040003900087041000800126082001500134245007300149260004200222300005700264650002700321LK-CoMWRAF20231215142956.0231116b2006 |||||||| |||| 00| 0 eng d a9789551302085 aLK-CoMWRAFdLK-CoMWRAFeLK-CoMWRAF aeng a323.4bSRI aSri Lanka: state of human rights 2006, bThe tsunami & its aftermath aColombo:b Law & Society Trust,c2007 axix, 405p. : 22 cm bBibliography and index included aCIVIL RIGHTS-Sri Lanka